000 00462nam a2200181Ia 4500
008 240925s9999 xx 000 0 und d
020 _a201578859
082 _a621.31042 SLE
100 _aSlemon ,Gordon R.
245 0 _aElectric Machines and Drives
250 _aNA
260 _aNew York:
_bFree Press
_c,1992.
300 _axiv,489p.
_bNA
_fOriginal
500 _aIncludes Index
600 _aElectrical Engineering
650 _aTechnology
942 _cBK
999 _c4629
_d4629